000
00292nam a22001337a 4500
008
180307b xxu||||| |||| 00| 0 eng d
020
_a
9780966886849
041
_a
eng
080
_a
33
100
_a
58
101
_a
BIZ
245
_a
The conscious entrepreneur
_c
Ernst,R
942
_2
udc
_c
BK
999
_c
44306
_d
44306